Anime résumé douteux_Shojo - Statistiques

Statistiques générales
  • Ce quiz a été pris 105 fois
  • Le résultat moyen est 5 sur 15
Statistiques - réponses
Hint Réponse % Correct
Une jeune lycéenne super pauvre et 12 Fury. Les chats sont pas très appréciés dedans Fruit basket
69%
La présidente du conseil étudiant se fait stalker pendant son job étudiant par un BG pervert. Maid-sama
59%
La shojo girl original qui a inventé la transformation avant les winx. Elle a un chat Sailor Moon
55%
C'est chère payé pour un petit vase. Ouran highschoolhost club
41%
Pourquoi choisir entre ton frère et ton ancêtre, prend les 2 vampire knight
41%
Une popstar avec trois amies et une sorte d'animal de companie (la 3d fais des revages) Kilari
35%
Tout une aventure parce qu'elle doit récupérer une collection de carte qu'elle a perdu Sakura chasseuse de carte
35%
Trois ados qui se battent en cassant les oreilles de leurs ennemis. Mako sur nous Mermaid melody : Pichi pichi pitch
32%
Les deux face d'une même pièce se rencontre. Une cherche l'amour, l'autre la gloire Nana
24%
Des Magical Fury Girl qui se battent contre des aliènes. Le crush de Zoe est un alien. Mew mew power
22%
Des Best Friends qui se battent pour séduire le plus de personnes Chocola et Vanilla
20%
Une saison entière pour qu'elle se rende compte que son rival est amoureux d'elle et que le club de riche était au courant Spécial A
20%
Une stundere, 3 oeufs, un Fury chat, une gothique papillon et un club de riche, le parfait combo Shugo shara
15%
La vie d'introverte c'est pas facile Kimi ni todoke
11%
L'inceste sans les liens de sang avec un souspon de pédophilie et un touche de zoophilie en prime Brother Complex
3%
Aucun quiz correspondant
Distribution des résultats
% des personnes avec chaque résultat
Percentile par nombre de réponses
Votre historique - résultats
Vous n’avez pas pris ce quiz